000
00319nam a22001457a 4500
008
230524b ||||| |||| 00| 0 eng d
020
_a
9782253121206
041
_a
fra
080
_a
82
082
_a
82PAN
100
_a
38
101
_a
GJL
245
_a
LES YEUX JAUNES DES CROCODILES
_c
PANCOL.K
942
_2
udc
_c
BK
999
_c
59816
_d
59816